Systémová a operačná analýza

Salvato in:
Dettagli Bibliografici
Autore principale: Klimiková, Mária (Autore)
Natura: Libro
Lingua:slovacco
Pubblicazione: Bratislava : SVŠT v Bratislave, 1986
Tags: Aggiungi Tag
Nessun Tag, puoi essere il primo ad aggiungerne!!

MARC

LEADER 00000nam a22000003a 4500
001 stu89218
005 20150617225627.6
008 040727s1986----cs------------------slo-d
040 |a STU  |b slo 
041 0 |a slo 
044 |a cs 
080 |a 519.8(075.8) 
080 |a 65.012.2(075.8)  |7 stu_us_auth*stu2987 
100 1 |a Klimiková, Mária  |4 aut 
245 1 |a Systémová a operačná analýza 
260 |a Bratislava :  |b SVŠT v Bratislave,  |c 1986 
300 |a 192 s 
996 |b 284V023292  |c V*31229/O-12703a  |l VVT  |s A  |a 24  |w stu89218_0001 
996 |b 284V023726  |c V*31228/O-12703  |l VVT  |s A  |a 24  |w stu89218_0002